| 000 | 00579nam a22001817a 4500 | ||
|---|---|---|---|
| 999 |
_c195395 _d195395 |
||
| 005 | 20230324155859.0 | ||
| 010 | _aENG-136489 | ||
| 020 |
_a9789394609037 _c500.00 |
||
| 035 | _aEN-120021 | ||
| 037 | _bDBAD/PUB | ||
| 082 | _a617.1027 | ||
| 100 | _aSrinisha, J. | ||
| 245 |
_aResearch Process in Sports Medicine & Health Sciences/ _cby J. Srinisha [et.al...] |
||
| 260 |
_aTamil Nadu _bSree Balaji Medical College & Hospital _c2023 |
||
| 270 |
_aChromepet _bChennai _e600044 |
||
| 300 |
_aiii, 272p.; _bAppendix _c29cm(pbk) |
||
| 942 |
_2ddc _cEN _h617.1027 _mSRI |
||